000 00815nam a2200253 i 4500
001 19290
003 ES-MaACL
005 20250828023056.0
007 t|
008 020613s2001 sp ||||1| spa d
020 _a84-95294-20-6
080 _a37 Gramsci, Antonio
080 _a37 Freire, Paulo
080 _a374.7(8=6)
100 1 _aCoben, Diana.
_939339
245 1 0 _aGramsci y Freire, héroes radicales
_b: políticas en educación de adultos /
_cDiana Coben.
260 _aMadrid :
_bMiño y Dávila,
_c[2001]
300 _a279 p. ;
_c21 cm.
600 0 4 _aGramsci, Antonio,
_d1891-1937-
_xPensamiento pedagógico
_959547
600 1 4 _aFreire, Paulo.
_952462
650 1 4 _aEducación de adultos-
_zAmérica Latina
_912092
852 _aES-MaACL
_jL-25726
_bR.131257
999 _c19290
_d19290